| 000 | 00563cam a2200229 4500 | ||
|---|---|---|---|
| 001 | J94258 | ||
| 008 | 090401t1998 xxu||||| |||| 00| 0 eng d | ||
| 035 | _a(Sirsi) u88874 | ||
| 041 | _aeng | ||
| 050 | _a336.21 | ||
| 110 |
_aChesterton _92357 |
||
| 245 | 4 | _aThe 2000 rating revaluation. | |
| 260 |
_aLondon _bChesterton _c1998 |
||
| 300 | _a11p. ; 30cm. | ||
| 350 | _a0 | ||
| 650 | _aNON-DOMESTIC RATING | ||
| 650 | _aRATING REVALUATION 2000 | ||
| 650 | _aUNIFORM BUSINESS RATE | ||
| 690 | _aRATING AND VALUATION | ||
| 942 | _n0 | ||
| 948 | _c07/10/1998 | ||
| 999 |
_c97391 _d97391 |
||